00613nam a22001577a 4500008004100000040005500041080001800096245005100114260005600165300001500221650002100236653002700257942001200284999001700296952014200313230328b |||||||| |||| 00| 0 eng d aNational Science LibrarycNational Science Library aD 681.324bN0 aArtificial neural networks: bConcept learning aWashington: bIEEE Computer Society Press , c1990 avii, 141p. aComputer science aInformation technology 2udccBK c15707d15707 00102udc406D_681324_N070923269aNSLbNSLcGF/Rk-4/C-13/R-4d1991-02-27l0oD 681.324 N0p171672r2024-06-25 00:00:00w2023-03-28yBK